| 000 | 00576nam a2200205Ia 4500 | ||
|---|---|---|---|
| 003 | OSt | ||
| 005 | 20260508161819.0 | ||
| 008 | 210210b1992 xxu||||| |||| 00| 0 eng d | ||
| 040 | _cAL | ||
| 041 | _aKannada | ||
| 082 | _a793.3092 SUVA | ||
| 100 |
_aSUVARNA NARTHANA. _dಸುವರ್ಣ ನರ್ತನ _9263687 |
||
| 245 |
_aSUVARNA NARTHANA. _bಸುವರ್ಣ ನರ್ತನ |
||
| 260 |
_aBengaluru _bSuvarna Mahotsava Sanchike _c1992 |
||
| 300 | _a- | ||
| 650 |
_aDance Bharatanatyam _9263688 |
||
| 690 |
_aBiography _9263689 |
||
| 906 | _a047205 | ||
| 942 |
_2ddc _cBK |
||
| 999 |
_c96551 _d96551 |
||